000
00274nam a22001097a 4500
082
_a
621.31042 OKE
100
_a
SIMMONS,S,KELLY,D.O
_9
78883
245
_a
INTRODUCTION TO GENERALIZED ELECTRICAL MACHINE THEORY
260
_a
LONDON
_b
PDF
_c
1980
300
_a
298P
942
_c
BK
999
_c
583947
_d
583947